Statistiques concernant Culture Générale - Série 1199

Cliquez ici pour prendre le quiz!

Statistiques générales

  • Ce quiz a été pris 32 fois
  • Le résultat moyen est 4 sur 10

Statistiques - réponses

Question Réponse % Correct
Quels membres manquent à la statue la "Vénus de Milo" ?bras
100%
A quel État insulaire d'Asie du Sud-Est appartient l'île de Palawan, où s'est déroulé l'un des épisodes de l'émission Kho- Lanta ?Philippines
71%
Quel champignon est toxique lorsqu'il est dit “Satan” ?bolet
61%
En 1988, quel spationaute français passe presque un mois à bord de la station orbitale Mir ?Jean-Loup Chrétien
48%
Les trois muscles triangulaires appelés "scalènes" concernent la partie latérale du ...cou
42%
Qu'est-ce qu'une mérule ?champignon
32%
Quelle est la 20° lettre de l'alphabet grec située après "tau" ?upsilon
26%
Dans quel état des Etats Unis se trouve la ville de Peoria ?Illinois
10%
Divinité grecque des Ténébres qui a donné son nom au volcan situé sur l'ïle de Ross en AntarctiqueErebus
3%
Quel était le prénom du pianiste de jazz Basie, dit "Count Basie" ?William
0%

Distribution des résultats

Percentile par nombre de réponses

% des personnes avec chaque résultat

Votre développement - résultats

Vous n’avez pas pris ce quiz